L'ame des cathedrales / (Record no. 131155)

MARC details
000 -LEADER
campo de control de longitud fija 00516nam a2200181 4500
001 - NÚMERO DE CONTROL
campo de control 131155
003 - IDENTIFICADOR DE NÚMERO DE CONTROL
campo de control ES-MaACL
005 - FECHA Y HORA DE LA ÚLTIMA TRANSACCIÓN
campo de control 20230906193927.0
007 - CAMPO FIJO DE DESCRIPCIÓN FÍSICA--INFORMACIÓN GENERAL
campo de control de longitud fija t|
008 - DATOS DE LONGITUD FIJA--INFORMACIÓN GENERAL
campo de control de longitud fija 070214s1910 fr r ||||1| fre d
100 1# - ENTRADA PRINCIPAL--NOMBRE DE PERSONA
Nombre de persona Rodés, Béatrix.
9 (RLIN) 98127
245 10 - MENCIÓN DEL TÍTULO
Título L'ame des cathedrales /
Mención de responsabilidad, etc. Béatrix Rodés ; preface d'Edouard Schuré.
260 ## - PUBLICACIÓN, DISTRIBUCIÓN, ETC.
Lugar de publicación, distribución, etc. Paris :
Nombre del editor, distribuidor, etc. E. Arrault et Cie,
Fecha de publicación, distribución, etc. 1910.
300 ## - DESCRIPCIÓN FÍSICA
Extensión XXX, 170 p. ;
Dimensiones 19 cm.
700 1# - ENTRADA AGREGADA--NOMBRE PERSONAL
Nombre de persona Schurè, Edouard.
9 (RLIN) 219748
852 ## - LOCALIZACIÓN
Ubicación ES-MaACL
Número de control de estantería F-11372
Holdings
Estatus retirado Estado de pérdida Estado de daño No para préstamo Biblioteca de origen Biblioteca actual Ubicación en estantería Fecha de adquisición Fuente de adquisición Total de préstamos Signatura topográfica completa Código de barras Visto por última vez Precio de reemplazo Tipo de ítem Koha
        Biblioteca del Ateneo de Madrid Biblioteca del Ateneo de Madrid Sala Pecera Planta 2 17/01/2008     F-11372 1136546 23/02/2023 23/02/2023 Libro impreso